00217nam a22000857a 4500020001800000082001200018100001800030245004600048260003700094 a9780070700390 a530 BEI aBeiser,Arthur aFundamentals of Physics with Applications aNew DelhibTaTa Mcgrawhillc2011